|
|
|
|
| LEADER |
00000nam a2200000 a 4500 |
| 001 |
vtls001306844 |
| 003 |
SK-MaSNL |
| 005 |
20260301155727.0 |
| 008 |
240314suuuu xx 0 und |
| 035 |
|
|
|a SNK000259108
|
| 040 |
|
|
|a SNK
|b slo
|c SNK
|e AACR2
|
| 100 |
1 |
|
|a Sandinus, Antonius
|4 aut
|9 288673
|
| 245 |
1 |
0 |
|a Disputationes Historicae fAntonii Sandini Ad Vitas Pontificum Romanorum Ab Eodem Descriptas
|b .
|
| 260 |
|
|
|a Cassoviae
|b Typis Academicis Societatis Jesu
|c MDCCLIII.
|
| 300 |
|
|
|a [12], 272 s.
|c 16,5 cm
|
| 999 |
|
|
|c 802416
|d 804346
|
| 952 |
|
|
|t P60, <03>, [BOOK], {603}
|a SNK
|b SNK
|y PREZ
|7 0
|p 17A0099915
|o snkSD 46937
|0 0
|1 0
|4 0
|d 1997-10-21
|l 0
|r 2005-01-02 00:00:00
|w 2026-02-24
|